| 000 | 01017nam a2200253Ia 4500 | ||
|---|---|---|---|
| 003 | OSt | ||
| 005 | 20220923211159.0 | ||
| 006 | a|||||r|||| 00| 0 | ||
| 007 | ta | ||
| 008 | 220922b |||||||| |||| 00| 0 hin d | ||
| 020 |
_a8188124591 (hbk) _c120 |
||
| 024 | _a245,487 | ||
| 037 |
_b387, 11/02/2011, Swaraj Prakashan _cTextual |
||
| 040 |
_aARTS _cARTS _bhin |
||
| 041 |
_2hin _ahin |
||
| 082 | _aO152,2N28x, P8 | ||
| 100 |
_aशर्मा 'ठिमाऊ', रामरंजन _9159215 |
||
| 245 | 0 |
_aबेटा - बेटी एक समान _b किशोरोपयोगी एकांकी - संग्रह |
|
| 246 | _aBeṭā - beṭī ek samāna: kishoropayogī ekāankī - sangraha | ||
| 260 |
_aदिल्ली _b विकास पेपर बैक्स _c2008 |
||
| 300 |
_a128पृ. _ccm. |
||
| 942 |
_hO152,2N28x, P8 _cTEXL _2CC |
||
| 999 |
_c296413 _d296413 |
||